| 000 | 00820nam a22002417a 4500 | ||
|---|---|---|---|
| 003 | URS | ||
| 005 | 20251022084440.0 | ||
| 008 | 251022b |||||||| |||| 00| 0 eng d | ||
| 020 | _a978-621-409-203-1 | ||
| 040 |
_bEnglish _cURS _erda |
||
| 050 |
_aT11 _b.C317 2024 |
||
| 100 |
_a Cayaban, Neliza Bautista, _eauthor. _96548 |
||
| 245 | 0 |
_aFact check 21st century technical communication / _cNeliza B. Cayaban, Rizal O. Dapat. |
|
| 264 |
_aMandaluyong City : _bBooks atbp. Publishing Corp., _c©2024. |
||
| 300 |
_avi, 183 pages ; _c22 cm. |
||
| 336 |
_atext _btxt _2rdacontent |
||
| 337 |
_aunmediated _bn _2rdamedia |
||
| 338 |
_avolume _bnc _2rdacarrier |
||
| 504 | _aIncludes index and bibliographical references. | ||
| 650 | 0 |
_aTechnical writing. _96551 |
|
| 700 |
_aDapat, Rizal O., _eauthor. _96552 |
||
| 942 |
_cF _2lcc |
||
| 999 |
_c87410 _d87407 |
||